Music Quiz

Random Music or Century Quiz
Score 0/20 Timer 05:00
1 Play Today
Composer without SPORCLE Composer % Correct
G _ _ _ H W I N GERSHWIN
91.6%
D _ B U _ _ YDEBUSSY
90.4%
_ T _ A V I N _ K Y STRAVINSKY
89.8%
_ A _ H M A N I N _ F F RACHMANINOFF
85.8%
B _ I T T _ NBRITTEN
79.1%
B A _ T _ KBARTOK
78.4%
_ _ _ K _ F I _ VPROKOFIEV
73.5%
_ H _ _ T A K _ V I _ H SHOSTAKOVICH
70.7%
_ U _ _ I N IPUCCINI
64.4%
_ T _ A U _ _STRAUSS
63.7%
Composer without SPORCLE Composer % Correct
I V _ _ IVES
58%
_ A V _ _ RAVEL
54.8%
_ I B _ _ I U _ SIBELIUS
53.1%
_ _ H _ _ N B _ _ GSCHOENBERG
51.6%
_ _ _ _ A N DCOPLAND
50%
_ _ F F ORFF
45.7%
B _ _ N _ T _ I N BERNSTEIN
39.4%
_ _ _ _ I G H I RESPIGHI
35.4%
_ U T _ _ _ A W _ K ILUTOSLAWSKI
21.7%
_ _ U _ _ N _ POULENC
7.8%
Remove Ads.
Support Sporcle.
Get the best of Sporcle when you Go Orange. This ad-free experience offers more features, more stats, and more fun while also helping to support Sporcle. Thank you for becoming a member.

You're not logged in!

Compare scores with friends on all Sporcle quizzes.
OR
Log In

Sporcle TV

Today on Sporcle TV


Watch our educational content, quiz creation guides, and fun videos on Sporcle TV.

Show Comments

Extras

Top Quizzes Today


Score Distribution

Paid Content

Your Account Isn't Verified!

In order to create a playlist on Sporcle, you need to verify the email address you used during registration. Go to your Sporcle Settings to finish the process.

Report this User

Report this user for behavior that violates our Community Guidelines.

Details: